000 00796nam a22003017a 4500
001 BR9802243
003 BR-BrBNA
005 20230928095906.0
007 ta
008 230509b bl.||||| |||| 00| 0 por d
040 _aBR-BrBNA
_bpor
_cBiblioteca Nacional de Agricultura
041 _a(Por)
072 _aH10; H20
_b4050
090 _ 4050 BR9802243
100 1 _aLordello, L.G.E.
245 1 _aNematoides das plantas cultivadas
260 3 _aSao Paulo, SP (Brasil):
_bLivraria Nobel S.A.,
_c1968.
300 _a141 p.
500 _aBibliography p. 130-141; 36 illus.
650 _aNematoide
650 _aGalha
650 _aBiologia
650 _aSintoma
650 _aPraga de Planta
650 _aDoenca de Planta
909 _a202309
_bLucia
_c55
_dLucia Elande
942 _cBK
999 _c59256
_d59256